Online
Catalog

Informe de actibidades a la trigesima sexta (XXXVI) Asamblea general de delegados 2006 /. (Record no. 46055)

MARC details
000 -CABECERA
campo de control de longitud fija 00635nam a2200157 a 4500
001 - NÚMERO DE CONTROL
campo de control 000046566
005 - FECHA Y HORA DE LA ÚLTIMA TRANSACCIÓN
campo de control 20201002052950.0
008 - DATOS DE LONGITUD FIJA--INFORMACIÓN GENERAL
campo de control de longitud fija 110224s2007 dr acd 000 0 spa d
040 ## - FUENTE DE LA CATALOGACIÓN
Centro catalogador/agencia de origen DO-SdBNP
Lengua de catalogación spa
Centro/agencia transcriptor BNPHU
049 ## - FONDOS LOCALES (OCLC)
Fondos de biblioteca BNPD
111 2# - ENTRADA PRINCIPAL--NOMBRE DE CONGRESO/REUNIÓN
Nombre de congreso/reunión o jurisdicción como elemento de entrada Asamblea general de delegados
Número del congreso/reunión o número de parte o sección (36:
Fecha del congreso/reunión 2007: 7-8, nov.
Sede del congreso/Lugar de la reunión San Pedro de Macorís, República Dominicana)
9 (RLIN) 74556
245 10 - MENCIÓN DE TÍTULO
Título Informe de actibidades a la trigesima sexta (XXXVI) Asamblea general de delegados 2006 /.
260 ## - PUBLICACIÓN, DISTRIBUCIÓN, ETC.
Lugar de publicación, distribución, etc. Santo Domingo :
Nombre del editor, distribuidor, etc. COOPNAMA,
Fecha de publicación, distribución, etc. 2007.
300 ## - DESCRIPCIÓN FÍSICA
Extensión 61 p. :
Otras características físicas ils., gráfs., retrs. ;
Dimensiones 29 cm.
710 1# - PUNTO DE ACCESO ADICIONAL--NOMBRE DE ENTIDAD CORPORATIVA
Nombre de entidad corporativa o nombre de jurisdicción como elemento de entrada Cooperativa Nacional de Servicios Multiples de los Maestro
9 (RLIN) 52745
Holdings
Estado de retiro Estado de pérdida No para préstamo Código de colección Localización permanente Ubicación/localización actual Ubicación en estantería Fecha de adquisición Número de inventario Total de préstamos Signatura topográfica completa Código de barras Fecha visto por última vez Precio válido a partir de Tipo de ítem Koha Nota pública
    Excluido de préstamo Patrimonio Dominicano Patrimonio Dominicano Patrimonio Dominicano Depósito 26.08.2015 LF1   46566-10 25.06.2020 25.06.2020 Libro y Folleto Colección Patrimonio Dominicano Perteneció a la biblioteca personal de Chiqui Vicioso / Fidelio Despradel.

Powered by Koha